Capocannonieri delle competizioni più importanti - Statistics

Statistiche generali
  • Questo quiz è stato fatto 1.801 volte
  • Il punteggio medio è 81 su 108
Statistiche sulle risposte
squadra anno campionato giocatore % Corretto
JUVE 2020/2021 SERIE A RONALDO
99%
MAN UTD 2007/2008 PREMIER LEAGUE RONALDO
99%
REAL MADRID 2014/2015 LA LIGA RONALDO
99%
REAL MADRID 2013/2014 LA LIGA RONALDO
99%
REAL MADRID 2010/2011 LA LIGA RONALDO
99%
REAL MADRID 2017/2018 CHAMPIONS RONALDO
99%
REAL MADRID 2016/2017 CHAMPIONS RONALDO
99%
REAL MADRID 2015/2016 CHAMPIONS RONALDO
99%
REAL MADRID 2013/2014 CHAMPIONS RONALDO
99%
REAL MADRID 2012/2013 CHAMPIONS RONALDO
99%
MAN UTD 2007/2008 CHAMPIONS RONALDO
99%
LAZIO 2021/2022 SERIE A IMMOBILE
98%
LAZIO 2019/2020 SERIE A IMMOBILE
98%
LAZIO 2017/2018 SERIE A IMMOBILE
98%
LAZIO 2013/2014 SERIE A IMMOBILE
98%
ROMA 2006/2007 SERIE A TOTTI
95%
MAN CITY 2022/2023 PREMIER LEAGUE HAALAND
93%
MAN CITY 2022/2023 CHAMPIONS HAALAND
93%
BVB 2020/2021 CHAMPIONS HAALAND
93%
BARCELLONA 2020/2021 LA LIGA MESSI
93%
BARCELLONA 2019/2020 LA LIGA MESSI
93%
BARCELLONA 2018/2019 LA LIGA MESSI
93%
BARCELLONA 2017/2018 LA LIGA MESSI
93%
BARCELLONA 2016/2017 LA LIGA MESSI
93%
BARCELLONA 2012/2013 LA LIGA MESSI
93%
BARCELLONA 2011/2012 LA LIGA MESSI
93%
BARCELLONA 2009/2010 LA LIGA MESSI
93%
BARCELLONA 2018/2019 CHAMPIONS MESSI
93%
BARCELLONA 2011/2012 CHAMPIONS MESSI
93%
BARCELLONA 2010/2011 CHAMPIONS MESSI
93%
BARCELLONA 2009/2010 CHAMPIONS MESSI
93%
BARCELLONA 2008/2009 CHAMPIONS MESSI
93%
SAMPDORIA 2018/2019 SERIE A QUAGLIARELLA
93%
LIVERPOOL 2021/2022 PREMIER LEAGUE SALAH
93%
LIVERPOOL 2018/2019 PREMIER LEAGUE SALAH
93%
LIVERPOOL 2017/2018 PREMIER LEAGUE SALAH
93%
UDINESE 2010/2011 SERIE A DI NATALE
92%
UDINESE 2009/2010 SERIE A DI NATALE
92%
NAPOLI 2015/2016 SERIE A HIGUAIN
92%
TOTTENHAM 2020/2021 PREMIER LEAGUE KANE
92%
TOTTENHAM 2016/2017 PREMIER LEAGUE KANE
92%
TOTTENHAM 2015/2016 PREMIER LEAGUE KANE
92%
NAPOLI 2022/2023 SERIE A OSIMHEN
92%
LEICESTER 2019/2020 PREMIER LEAGUE VARDY
90%
NAPOLI 2012/2013 SERIE A CAVANI
89%
PSG 2017/2018 LIGUE 1 CAVANI
89%
PSG 2016/2017 LIGUE 1 CAVANI
89%
REAL MADRID 2021/2022 LA LIGA BENZEMA
88%
LIONE 2007/2008 LIGUE 1 BENZEMA
88%
REAL MADRID 2021/2022 CHAMPIONS BENZEMA
88%
JUVE 2007/2008 SERIE A DEL PIERO
88%
MILAN 2011/2012 SERIE A IBRAHIMOVIC
88%
INTER 2008/2009 SERIE A IBRAHIMOVIC
88%
PSG 2015/2016 LIGUE 1 IBRAHIMOVIC
88%
PSG 2013/2014 LIGUE 1 IBRAHIMOVIC
88%
PSG 2012/2013 LIGUE 1 IBRAHIMOVIC
88%
LIVERPOOL 2013/2014 PREMIER LEAGUE SUAREZ
88%
BARCELLONA 2015/2016 LA LIGA SUAREZ
88%
MAN CITY 2014/2015 PREMIER LEAGUE AGUERO
87%
INTER 2014/2015 SERIE A ICARDI
87%
BARCELLONA 2022/2023 LA LIGA LEWANDOWSKI
87%
BAYERN 2022/2023 BUNDESLIGA LEWANDOWSKI
87%
BAYERN 2020/2021 BUNDESLIGA LEWANDOWSKI
87%
BAYERN 2019/2020 BUNDESLIGA LEWANDOWSKI
87%
BAYERN 2018/2019 BUNDESLIGA LEWANDOWSKI
87%
BAYERN 2017/2018 BUNDESLIGA LEWANDOWSKI
87%
BAYERN 2015/2016 BUNDESLIGA LEWANDOWSKI
87%
BVB 2013/2014 BUNDESLIGA LEWANDOWSKI
87%
BAYERN 2019/2020 CHAMPIONS LEWANDOWSKI
87%
PSG 2022/2023 LIGUE 1 MBAPPE
87%
PSG 2021/2022 LIGUE 1 MBAPPE
87%
PSG 2020/2021 LIGUE 1 MBAPPE
87%
PSG 2019/2020 LIGUE 1 MBAPPE
87%
PSG 2018/2019 LIGUE 1 MBAPPE
87%
ROMA 2016/2017 SERIE A DZEKO
86%
WOLFSBURG 2009/2010 BUNDESLIGA DZEKO
86%
CHELSEA 2009/2010 PREMIER LEAGUE DROGBA
80%
CHELSEA 2006/2007 PREMIER LEAGUE DROGBA
80%
ARSENAL 2005/2006 PREMIER LEAGUE HENRY
79%
BARCELLONA 2014/2015 CHAMPIONS NEYMAR
79%
FIORENTINA 2005/2006 SERIE A TONI
66%
BAYERN 2007/2008 BUNDESLIGA TONI
66%
MILAN 2006/2007 CHAMPIONS KAKA
64%
MILAN 2005/2006 CHAMPIONS SHEVCHENKO
60%
LIONE 2014/2015 LIGUE 1 LACAZETTE
59%
BARCELLONA 2005/2006 LA LIGA ETO'O
54%
MAN UTD 2012/2013 PREMIER LEAGUE VAN PERSIE
54%
ARSENAL 2011/2012 PREMIER LEAGUE VAN PERSIE
54%
MONTPELLIER 2011/2012 LIGUE 1 GIROUD
45%
BVB 2016/2017 BUNDESLIGA AUBAMEYANG
44%
MAN CITY 2010/2011 PREMIER LEAGUE TEVEZ
39%
ATLETICO MADRID 2008/2009 LA LIGA FORLAN
35%
LIPSIA 2022/2023 BUNDESLIGA NKUNKU
33%
WENDER BREMA 2005/2006 BUNDESLIGA KLOSE
30%
BAYERN 2010/2011 BUNDESLIGA GOMEZ
24%
CHELSEA 2008/2009 PREMIER LEAGUE ANELKA
21%
SHALKE 04 2011/2012 BUNDESLIGA HUNTELAAR
21%
REAL MADRID 2006/2007 LA LIGA VAN NISTELROOY
20%
WOLFSBURG 2008/2009 BUNDESLIGA GRAFITE
10%
TOLOSA 2008/2009 LIGUE 1 GIGNAC
9%
PSG 2006/2007 LIGUE 1 PAULETA
8%
PSG 2005/2006 LIGUE 1 PAULETA
8%
MALLORCA 2007/2008 LA LIGA GUIZA
6%
LEVERKUSEN 2012/2013 BUNDESLIGA KIEBLING
3%
FRANCOFORTE 2014/2015 BUNDESLIGA MEIER
3%
MARSIGLIA 2009/2010 LIGUE 1 NIANG
3%
LILLE 2010/2011 LIGUE 1 SOW
2%
HOFFENHEIM 2006/2007 BUNDESLIGA GEKAS
1%
Nessun quiz corrispondente trovato
Distribuzione punteggi
Percentuale di utenti per punteggio
Percentile per numero di risposta
I tuoi punteggi nel tempo
Non hai fatto questo quiz